Gender and barriers to health: constrained choice in everyday decisions

Guardat en:
Dades bibliogràfiques
Format: Text
Etiquetes: Afegir etiqueta
Sense etiquetes, Sigues el primer a etiquetar aquest registre!

MARC

LEADER 00000 a a2200000 04500
001 44739
003
040
245 |a Gender and barriers to health:   |b constrained choice in everyday decisions  
773 |g páginas 54-75  
999 |c 31537  |d 31537